Estadísticas para Todos los personajes de El Hobbit (libro)

Haz click aquí para intentar la prueba.

Estadísticas generales

  • Esta prueba ha sido intentada 18 veces
    (15 desde el último reinicio)
  • La puntuación promedio es 17 de 52

Estadísticas de respuestas

PistaRespuesta% Correcto
HobbitsBilbo Bolsón
100%
MagosGandalf
88%
Fuerzas del MalEl Nigromante
63%
MagosRadagast
63%
DragonesSmaug
63%
EnanosThorin Escudo de Roble
63%
Trasgos y OrcosAzog*
50%
Trasgos y OrcosBolgo
50%
ElfosEl Rey de los Elfos
50%
EnanosFili
50%
EnanosGlóin
50%
EnanosKili
50%
EnanosBalin
38%
HombresBardo
38%
EnanosBifur
38%
EnanosBofur
38%
EnanosBombur
38%
EnanosDáin
38%
EnanosDwalin
38%
ElfosElrond
38%
EnanosNori
38%
EnanosÓin
38%
EnanosThráin*
38%
EnanosThráin el Viejo*
38%
EnanosThrór*
38%
HombresBeorn
25%
TrollsBerto
25%
EnanosDori
25%
HombresEl Gobernador de la Ciudad del Lago
25%
ÁguilasEl Señor de las Águilas
25%
EnanosFundin*
25%
EnanosOri
25%
HobbitsSacovilla-Bolsón
25%
HobbitsToro Bramador Tuk*
25%
HobbitsBelladonna Tuk*
13%
HobbitsBungo Bolsón*
13%
CuervosCarc*
13%
EnanosDurin*
13%
Trasgos y OrcosEl Gran Trasgo
13%
ElfosEl Rey de Gondolin*
13%
ElfosGalion
13%
HombresGirion*
13%
Trasgos y OrcosGolfimbul*
13%
HobbitsGollum
13%
TrollsGuille Estrujónez
13%
EnanosNáin*
13%
CuervosRoäc
13%
HobbitsSr. Borgo
13%
HobbitsSr. Gorgo
13%
HobbitsSr. Gorgo
13%
TrollsTom
13%
HobbitsViejo Tuk*
13%

Distribución de puntuación

Porcentaje por número respondido

Porcentaje de gente con cada puntuación

Historial de tus puntuaciones

No has intentado esta prueba desde el último reinicio